Empresas de los trabajadores: de la utopía a la realidad /

Guardat en:
Dades bibliogràfiques
Autor principal: Cajina G., Johnny
Format: Text
Etiquetes: Afegir etiqueta
Sense etiquetes, Sigues el primer a etiquetar aquest registre!

MARC

LEADER 00000 a a2200000 04500
001 46005
003
040 |a CRAI/IIS  |c CRAI/IIS 
100 |a Cajina G., Johnny  
245 |a Empresas de los trabajadores:   |b de la utopía a la realidad /  |c Johnny Cajina G.  
773 |g volumen17, número412 (1997), páginas 21-23 : foto  
999 |c 18545  |d 18545